Operations management and total quality management/ (Record no. 364146)
[ view plain ]
| 000 -LEADER | |
|---|---|
| fixed length control field | 00454nam a2200133Ia 4500 |
| 008 - FIXED-LENGTH DATA ELEMENTS--GENERAL INFORMATION | |
| fixed length control field | 200909s9999 xx 000 0 und d |
| 020 ## - INTERNATIONAL STANDARD BOOK NUMBER | |
| International Standard Book Number | 978-981-48-7845-6 |
| 100 ## - MAIN ENTRY--PERSONAL NAME | |
| Personal name | Collier, David Alan |
| 245 ## - TITLE STATEMENT | |
| Statement of responsibility, etc | David Alan Collier, James Evans, William Lindsay |
| Title | Operations management and total quality management/ |
| 260 ## - PUBLICATION, DISTRIBUTION, ETC. (IMPRINT) | |
| Place of publication, distribution, etc | Quezon City: |
| Name of publisher, distributor, etc | REX Bookstore |
| Date of publication, distribution, etc | 2020 |
| 300 ## - PHYSICAL DESCRIPTION | |
| Extent | iv, 697 pages |
| Dimensions | 25 cm. |
| 650 ## - SUBJECT ADDED ENTRY--TOPICAL TERM | |
| Topical term or geographic name as entry element | Management |
| 650 ## - SUBJECT ADDED ENTRY--TOPICAL TERM | |
| Topical term or geographic name as entry element | Total quality management |
| Withdrawn status | Lost status | Damaged status | Home library | Current library | Shelving location | Date acquired | Source of acquisition | Total Checkouts | Full call number | Barcode | Date last seen | Price effective from | Koha item type |
|---|---|---|---|---|---|---|---|---|---|---|---|---|---|
| College Library | College Library | Reserve Section | 09/09/2020 | HD 583.9 .C699 2020 | C22325 | 09/09/2020 | 09/09/2020 | Books |